00438nam a2200193Ia 4500008004100000020001800041050001400059100001700073245001400090245002500104245002000129260001500149260001600164260000900180300001600189300002000205300001000225500000900235170918s9999 xx 000 0 und d a9780545399340 bN765 2011 aNoel, Alyson aShimmer : ba Riley Bloom book / cby Alyson Noel. aNew York : bScholastic, c2011 a196 pages : billustrations ; c19cm. a1120